000 01018nam a22003137a 4500
001 BR7304577
003 BR-BrBNA
005 20230928084039.0
007 ta
008 230509b bl.||||| |||| 00| 0 por d
040 _aBR-BrBNA
_bpor
_cBiblioteca Nacional de Agricultura
041 _a(Por)
072 _aE10
_b0230
_b/G514
090 _ 0230 BR7304577
100 1 _aZagatto, A.G.
100 1 _aBrandt, S.A.
100 1 _aMoraes Filho, J. de M.
110 1 _aEscola Superior de Agricultura Luiz de Queiroz, Piracicaba, SP (Brasil)
245 1 _aEstimativas de produtividade de recursos na lavoura canavieira em Piracicaba, Estado de Sao Paulo [Brasil]
260 3 _aPiracicaba, SP (Brasil):
_c1965.
300 _a32 p.
500 _a8 ref. (*) Documento disponível na(o) Instituto do Acucar e do Alcool, Rio de Janeiro, RJ (Brazil)
650 _aCANA DE ACUCAR
650 _aPRODUTIVIDADE
650 _aPIRACICABA
650 _aSAO PAULO
909 _a202309
_bLucia
_c55
_dLucia Elande
942 _cBK
999 _c16534
_d16534